<?xml version="1.0" encoding="UTF-8"?><?xml-stylesheet type="text/xsl" href="static/style.xsl"?><OAI-PMH xmlns="http://www.openarchives.org/OAI/2.0/" xmlns:xsi="http://www.w3.org/2001/XMLSchema-instance" xsi:schemaLocation="http://www.openarchives.org/OAI/2.0/ http://www.openarchives.org/OAI/2.0/OAI-PMH.xsd"><responseDate>2026-04-13T02:04:17Z</responseDate><request verb="GetRecord" identifier="oai:www.recercat.cat:2445/223971" metadataPrefix="marc">https://recercat.cat/oai/request</request><GetRecord><record><header><identifier>oai:recercat.cat:2445/223971</identifier><datestamp>2025-12-05T01:36:17Z</datestamp><setSpec>com_2072_1057</setSpec><setSpec>col_2072_478792</setSpec><setSpec>col_2072_478917</setSpec></header><metadata><record xmlns="http://www.loc.gov/MARC21/slim" xmlns:dcterms="http://purl.org/dc/terms/" xmlns:xsi="http://www.w3.org/2001/XMLSchema-instance" xmlns:doc="http://www.lyncode.com/xoai" xsi:schemaLocation="http://www.loc.gov/MARC21/slim http://www.loc.gov/standards/marcxml/schema/MARC21slim.xsd">
   <leader>00925njm 22002777a 4500</leader>
   <datafield ind2=" " ind1=" " tag="042">
      <subfield code="a">dc</subfield>
   </datafield>
   <datafield ind2=" " ind1=" " tag="720">
      <subfield code="a">Ruiz Fargas, Marina</subfield>
      <subfield code="e">author</subfield>
   </datafield>
   <datafield ind2=" " ind1=" " tag="720">
      <subfield code="a">Verger, Neus, 1964-</subfield>
      <subfield code="e">author</subfield>
   </datafield>
   <datafield ind2=" " ind1=" " tag="260">
      <subfield code="c">2025-10-30T10:27:42Z</subfield>
   </datafield>
   <datafield ind2=" " ind1=" " tag="260">
      <subfield code="c">2025-10-30T10:27:42Z</subfield>
   </datafield>
   <datafield ind2=" " ind1=" " tag="260">
      <subfield code="c">2025-10-30</subfield>
   </datafield>
   <datafield ind2=" " ind1=" " tag="520">
      <subfield code="a">Comunicació al congrés Bibliotecari e bibliotecarie in Europa: formazione, opportunità, problemi Medolla, 16 e 17 ottobre 2025, organitzat per l'AIB (Associazione Italiana Biblioteche, Sezione Emilia-Romana) i per l'Ajuntament de Medolla. La intervenció es va concentrar a fer un balanç dels canvis i, sobretot, les inquietuds principals experimentats durant la llarga vida professional de les dues bibliotecàries, dedicada al Fons Antic, i a esbrinar si són qüestions compartides pels col·legues que treballen a les biblioteques patrimonials de la xarxa REBIUN. Per això, es va elaborar una enquesta repartida entre les biblioteques participants al Grupo de Patrimonio Bibliográfico de REBIUN, els resultats de la qual també van ser presentats.</subfield>
   </datafield>
   <datafield tag="653" ind2=" " ind1=" ">
      <subfield code="a">Bibliotecaris</subfield>
   </datafield>
   <datafield tag="653" ind2=" " ind1=" ">
      <subfield code="a">Fons antics</subfield>
   </datafield>
   <datafield tag="653" ind2=" " ind1=" ">
      <subfield code="a">Patrimoni bibliogràfic</subfield>
   </datafield>
   <datafield tag="653" ind2=" " ind1=" ">
      <subfield code="a">Enquestes</subfield>
   </datafield>
   <datafield tag="653" ind2=" " ind1=" ">
      <subfield code="a">Grupo de Patrimonio Bibliográfico de REBIUN</subfield>
   </datafield>
   <datafield tag="653" ind2=" " ind1=" ">
      <subfield code="a">Universitat de Barcelona. CRAI Biblioteca de Fons Antic</subfield>
   </datafield>
   <datafield ind2="0" ind1="0" tag="245">
      <subfield code="a">Lavorare sui fondi antichi universitari spagnoli: un’inchiesta</subfield>
   </datafield>
</record></metadata></record></GetRecord></OAI-PMH>